| 000 | 00895nam a22002417a 4500 | ||
|---|---|---|---|
| 999 |
_c351 _d351 |
||
| 003 | AR-CdUCM | ||
| 008 | 190223b ||||| |||| 00| 0 spa d | ||
| 040 |
_aMUNICIPALIDAD PROVINCIAL DEL CUSCO _cBIBLIOTECA MUNICIPAL DEL CUSCO |
||
| 082 |
_a868.56 / _bP44 |
||
| 100 |
_aPerez Galdos, Benito _91429 |
||
| 245 |
_aTrafalgar : _bEpisodios Nacionales / |
||
| 260 |
_aEspaña : _bSalvat Editores, _c1972. |
||
| 300 |
_a185 paginas ; _c18 cm. |
||
| 440 |
_aBiblioteca Clasica Universal _n10 _91430 |
||
| 505 | _aEl famoso bario de la Viña -- Los primeros días de octubre -- Don Alonso Gutiérrez de Cisniega pertenecía a una antigua familia del mismo Verjer ... | ||
| 650 |
_aNovela Española _91431 |
||
| 650 |
_aHistorias _9862 |
||
| 650 |
_aPopularidad _91432 |
||
| 650 |
_aEpisodios Nacionales _91433 |
||
| 700 |
_aSolis Ramon _91434 |
||
| 942 |
_2ddc _cLIBROS |
||
| 945 |
_aacv _d2019-02-23 |
||